| 000 -LEADER |
| fixed length control field |
00617cam a2200241 i 4500 |
| 001 - CONTROL NUMBER |
| control field |
804250 |
| 005 - DATE AND TIME OF LATEST TRANSACTION |
| control field |
20180202042742.0 |
| 008 - FIXED-LENGTH DATA ELEMENTS--GENERAL INFORMATION |
| fixed length control field |
750520r19741933enk b 001 0 eng |
| 010 ## - LIBRARY OF CONGRESS CONTROL NUMBER |
| LC control number |
75313015 |
| 015 ## - NATIONAL BIBLIOGRAPHY NUMBER |
| National bibliography number |
GB74-13738 |
| 020 ## - INTERNATIONAL STANDARD BOOK NUMBER |
| International Standard Book Number |
0192811576 : |
| Terms of availability |
£1.50 |
| 040 ## - CATALOGING SOURCE |
| Original cataloging agency |
DLC |
| Transcribing agency |
DLC |
| Modifying agency |
DLC |
| 041 ## - LANGUAGE CODE |
| Language code of text/sound track or separate title |
eng |
| 080 ## - UNIVERSAL DECIMAL CLASSIFICATION NUMBER |
| Universal Decimal Classification number |
821.1 ROB |
| 082 00 - DEWEY DECIMAL CLASSIFICATION NUMBER |
| Classification number |
821.1 ROB |
| 100 1# - Rafti |
| Rafti |
21 |
| 101 ## - Shkurtesa |
| Shkurtesa |
GJL |
| 240 10 - UNIFORM TITLE |
| Uniform title |
<a href="Works.">Works.</a> |
| Date of a work |
1974 |
| 245 04 - TITLE STATEMENT |
| Title |
The works of Geoffrey Chaucer / |
| Statement of responsibility, etc |
edited by F. N. Robinson. |
| 504 ## - BIBLIOGRAPHY, ETC. NOTE |
| Bibliography, etc |
Bibliography: p. 641-645. |
| 906 ## - LOCAL DATA ELEMENT F, LDF (RLIN) |
| a |
7 |
| b |
cbc |
| c |
orignew |
| d |
3 |
| e |
ncip |
| f |
19 |
| g |
y-gencatlg |
| 942 ## - ADDED ENTRY ELEMENTS (KOHA) |
| Source of classification or shelving scheme |
|
| Item type |
Books |